| 000 | 00740nam a2200205 a 4500 | ||
|---|---|---|---|
| 008 | 120416s1990 ||||||||||||||||| || u | ||
| 020 | _a0070642737 | ||
| 050 | _aHF 5415.155 Tho | ||
| 100 | _aThomas, Philip R | ||
| 245 | 1 | 0 | _aCompetitiveness through total cycle time : an overview for CEOs / |
| 260 |
_aNew York _bMcGraw-Hill _c1990 |
||
| 300 | _axiv, 161p. : ill. | ||
| 350 | _a0.00 | ||
| 650 | _aCOMPETITION | ||
| 650 | _aPRODUCT LIFE CYCLE | ||
| 650 | 0 | _aMARKETING--MANAGEMENT--CASE STUDIES | |
| 650 | _aPRODUCT MANAGEMENT | ||
| 700 | _aMartin, Kenneth R., 1938- | ||
| 995 |
_D0.00 _FCBU-MAIN LIBRARY (Kitwe) _H1 _I29.95 _M1 _UAVAILABLE _ZMain Library Open Access Collection |
||
| 999 |
_c38116 _d38116 |
||